| Tag |
First Indicator |
Second Indicator |
Subfields |
| LEADER |
00000nam a2200000Ia 4500 |
| 001 |
in00004304591 |
| 005 |
20200810090220.0 |
| 006 |
m g d |
| 007 |
cr bn |||a|bb| |
| 008 |
871204s1690 enk o 00| | eng d |
| 035 |
|
|
|a (OCoLC)17190490
|
| 040 |
|
|
|a EAK
|c EAK
|d WaOLN
|
| 037 |
|
|
|a CL0037000058
|b ProQuest Information and Learning. 300 N. Zeeb Rd., Ann Arbor, MI 48106
|
| 043 |
|
|
|a e-uk-en
|
| 045 |
1 |
|
|b d1692
|b d1702
|
| 090 |
|
|
|a DA460
|b .E53 1690
|
| 049 |
|
|
|a EAKA
|
| 110 |
1 |
|
|a England and Wales.
|b Sovereign (1689-1694 : William and Mary)
|
| 245 |
1 |
0 |
|a By the King and Queen, a proclamation requiring all seamen and mariners to render themselves to Their Majesties service
|
| 260 |
|
|
|a London :
|b Printed by Charles Bill and Thomas Newcomb ...,
|c 1690.
|
| 300 |
|
|
|a 1 online resource (1 broadside.
|
| 336 |
|
|
|a text
|b txt
|2 rdacontent
|
| 337 |
|
|
|a computer
|b c
|2 rdamedia
|
| 338 |
|
|
|a online resource
|b cr
|2 rdacarrier
|
| 500 |
|
|
|a "Given at our court at Whitehall the fifth day of July, 1690. In the second year of our reign."
|
| 500 |
|
|
|a Reproduction of original in the Harvard University Library.
|
| 510 |
4 |
|
|a Wing
|c W2618
|
| 533 |
|
|
|a Electronic reproduction.
|b Ann Arbor, Mich. :
|c UMI,
|d 1999-
|f (Early English books online)
|n Digital version of: (Early English books, 1641-1700 ; 1624:46)
|7 s1999 miun s
|
| 610 |
1 |
0 |
|a England and Wales.
|b Royal Navy.
|
| 651 |
|
0 |
|a Great Britain
|x History, Naval
|y Stuarts, 1603-1714.
|
| 651 |
|
0 |
|a Great Britain
|x History
|y William and Mary, 1689-1702.
|
| 700 |
0 |
|
|a Mary
|b II,
|c Queen of England,
|d 1662-1694.
|
| 700 |
0 |
|
|a William
|b III,
|c King of England,
|d 1650-1702.
|
| 740 |
0 |
|
|a Proclamation for requiring all seamen and mariners to render themselves to Their Majesties service.
|
| 830 |
|
0 |
|a Early English books online.
|
| 856 |
4 |
0 |
|u http://proxy.library.tamu.edu/login?url=https://search.proquest.com/docview/2240850405
|z Connect to the full text of this electronic book
|t 0
|
| 999 |
f |
f |
|s da4bff64-82ad-337f-9b7f-54eaca3c0d7d
|i 6f6f08fc-d6ee-3ee7-8d10-7dafd87c5052
|t 0
|
| 952 |
f |
f |
|a Texas A&M University
|b College Station
|c Electronic Resources
|d Available Online
|t 0
|e DA460 .E53 1690
|h Library of Congress classification
|
| 998 |
f |
f |
|a DA460 .E53 1690
|t 0
|l Available Online
|